000 00806cam a2200265 a 4500
001 12780512
003 OSt
005 20230602103238.0
008 010926s2001 ke a b 000 0 eng
010 _a 2001311547
035 _a(DLC) 2001311547
040 _aDLC
_cDLC
_dDLC
042 _alcode
043 _af-ke---
082 0 0 _a320.46762
_bKAG
100 1 _aKagwanja, Mwangi.
245 1 0 _aShades of federalism in Kenya /
_cPeter Mwangi Kagwanja.
260 _aNairobi, Kenya :
_bFriedrich Ebert Stiftung,
_c2001.
300 _a24 p. :
_bill. ;
_c21 cm.
504 _aIncludes bibliographical references (p. 22-24).
650 0 _aFederal government
_zKenya.
906 _a7
_bcbc
_corigode
_d3
_encip
_f20
_gy-gencatlg
942 _2ddc
_cBK
999 _c61
_d61